[Event "FB22 2324 Lübecker SV - Hamburger SK II"]
[Site "?"]
[Date "2023.12.10"]
[Round "3.4"]
[White "Malinowsky, Celina"]
[Black "Kotyk, Valeriya"]
[Result "0-1"]
[WhiteElo "1530"]
[BlackElo "1751"]
[PlyCount "54"]
[EventDate "2023.??.??"]

1. e4 e6 2. d3 d5 3. Nd2 Nf6 4. Ngf3 Be7 5. g3 O-O 6. Bg2 c5 7. O-O Nc6 8. e5 Nd7 9. Re1 Qc7 10. Qe2 Nb4 11. Nf1 c4 12. dxc4 Qxc4 13. Ne3 Qxe2 14. Rxe2 b6 15. c3 Ba6 16. Re1 Nd3 17. Rd1 Rac8 18. Bh3 Rc7 19. Nd4 N7xe5 20. Bxe6 Nf3+ 21. Kg2 Nxd4 22. Nxd5 Nxe6 23. Nxc7 Nxc7 24. Be3 Bf6 25. Rab1 Nd5 26. Rd2 Nxe3+ 27. fxe3 Bg5 0-1

[Event "FB22 2324 Lübecker SV - Hamburger SK II"]
[Site "?"]
[Date "2023.12.10"]
[Round "3.5"]
[White "Reich, Kristina"]
[Black "Kutz, Ida Klara"]
[Result "0-1"]
[WhiteElo "1512"]
[BlackElo "1534"]
[PlyCount "70"]
[EventDate "2023.??.??"]

1. d4 g6 2. Nf3 Bg7 3. g3 Nf6 4. c4 O-O 5. Bg2 d5 6. Qb3 c6 7. O-O Nbd7 8. Nc3 Nb6 9. cxd5 Nbxd5 10. Ne5 Nb6 11. Rd1 Be6 12. Qc2 Rc8 13. e4 Ng4 14. b3 Nxe5 15. dxe5 Qc7 16. f4 a6 17. Bb2 Bg4 18. Rd3 c5 19. Nd5 Nxd5 20. Rxd5 c4 21. Rc1 Be6 22. Rd2 b5 23. Bf1 Qb7 24. bxc4 Bxc4 25. Qb1 Rfd8 26. Rxd8+ Rxd8 27. Ba3 Qb6+ 28. Kh1 Qe3 29. Bxe7 Bxf1 30. Rxf1 Rd2 31. Qe1 Re2 32. Qb4 Rd2 33. Qxd2 Qxd2 34. a3 Qe3 35. Rd1 Qf3+ 0-1

[Event "FB22 2324 Lübecker SV - Hamburger SK II"]
[Site "?"]
[Date "2023.12.10"]
[Round "3.6"]
[White "Gossing, Marie-Sophie"]
[Black "Kraft, Cynthia Yumi"]
[Result "1-0"]
[WhiteElo "1323"]
[BlackElo "1412"]
[PlyCount "35"]
[EventDate "2023.??.??"]

1. e4 c5 2. d4 cxd4 3. c3 Nf6 4. e5 Nd5 5. cxd4 d6 6. Bc4 e6 7. Nf3 Nc6 8. O-O Be7 9. Re1 dxe5 10. Bxd5 Qxd5 11. Nc3 Qa5 12. dxe5 O-O 13. Bd2 Rd8 14. Rc1 Bb4 15. a3 Bxc3 16. Rxc3 Ne7 17. Rxc8 Qxd2 18. Qxd2 1-0

[Event "FB22 2324 SV Mülheim-Nord - SV Sterkrad"]
[Site "?"]
[Date "2023.12.10"]
[Round "3.1"]
[White "Plass, Mariana-Camelia"]
[Black "Freitag, Julia"]
[Result "1/2-1/2"]
[WhiteElo "2024"]
[BlackElo "2100"]
[PlyCount "67"]
[EventDate "2023.??.??"]

1. d4 d5 2. c4 e6 3. Nf3 f5 4. Nbd2 Nf6 5. e3 c6 6. Ne5 Bd6 7. f4 O-O 8. Be2 Ne4 9. O-O a5 10. c5 Bc7 11. Nxe4 fxe4 12. Bd2 Nd7 13. b3 Qh4 14. Qe1 Qxe1 15. Bxe1 Nxe5 16. fxe5 Rxf1+ 17. Kxf1 Bd7 18. a3 Rf8+ 19. Kg1 Ra8 20. Rb1 Bd8 21. Bd2 Be7 22. Bh5 g6 23. Be2 Bd8 24. Rf1 Be7 25. Bg4 Bd8 26. Be1 Bg5 27. Bd2 Bd8 28. Kf2 Rb8 29. Ke1 Ra8 30. Kd1 Bg5 31. Kc2 Kg7 32. Kb2 Kg8 33. Be2 Kg7 34. Kc2 1/2-1/2

[Event "FB22 2324 SV Mülheim-Nord - SV Sterkrad"]
[Site "?"]
[Date "2023.12.10"]
[Round "3.2"]
[White "Limbourg, Marina"]
[Black "Bork, Sophie"]
[Result "1-0"]
[WhiteElo "2008"]
[BlackElo "1818"]
[PlyCount "49"]
[EventDate "2023.??.??"]

1. e4 e5 2. Nc3 Nc6 3. Bc4 Nf6 4. d3 Bb4 5. f4 d6 6. h3 Na5 7. Bb3 Nxb3 8. axb3 Qe7 9. Nf3 c6 10. O-O O-O 11. Qe1 Ne8 12. Qg3 f6 13. Be3 exf4 14. Bxf4 Bc5+ 15. Kh1 a6 16. Rae1 Bd7 17. d4 Bb4 18. e5 dxe5 19. dxe5 f5 20. e6 Bxe6 21. Nd4 Rf6 22. Bg5 Bxc3 23. Qxc3 Nc7 24. Bxf6 gxf6 25. Nxf5 1-0

[Event "FB22 2324 SV Mülheim-Nord - SV Sterkrad"]
[Site "?"]
[Date "2023.12.10"]
[Round "3.3"]
[White "Walker, Julia"]
[Black "Neumann, Helena"]
[Result "0-1"]
[WhiteElo "1762"]
[BlackElo "1584"]
[PlyCount "48"]
[EventDate "2023.??.??"]

1. e4 c6 2. d4 d5 3. exd5 cxd5 4. c4 Nf6 5. Nc3 e6 6. Nf3 Nc6 7. a3 Be7 8. Bd3 dxc4 9. Bxc4 O-O 10. O-O a6 11. Re1 b5 12. Bb3 Bb7 13. Bg5 Na5 14. Bc2 Nc4 15. b3 Nxa3 16. Bxf6 gxf6 17. Bxh7+ Kxh7 18. Rxa3 Bxa3 19. Ne5 fxe5 20. Qh5+ Kg7 21. Re3 Rg8 22. Qxe5+ Kf8 23. Ne4 Bxe4 24. Qxe4 Qd5 0-1

[Event "FB22 2324 SV Mülheim-Nord - SV Sterkrad"]
[Site "?"]
[Date "2023.12.10"]
[Round "3.4"]
[White "Cipkis, Swetlana"]
[Black "Hiebsch, Catalina"]
[Result "0-1"]
[WhiteElo "1666"]
[BlackElo "1824"]
[PlyCount "70"]
[EventDate "2023.??.??"]

1. e4 c5 2. Nf3 g6 3. d4 cxd4 4. Nxd4 Bg7 5. c3 Nc6 6. Be3 d6 7. Nxc6 bxc6 8. Be2 Nf6 9. Nd2 O-O 10. O-O a5 11. Qc2 Ng4 12. Bf4 h5 13. Nc4 Ba6 14. h3 Nf6 15. Rad1 Nd7 16. Rfe1 Nb6 17. Nxb6 Qxb6 18. Bf3 Rab8 19. b3 Qc5 20. c4 a4 21. e5 axb3 22. axb3 dxe5 23. Bg3 Rfd8 24. Rxd8+ Rxd8 25. Qe4 Rd6 26. Bxe5 Re6 27. b4 Qxe5 28. Qxe5 Rxe5 29. Rxe5 Bxe5 30. Bxc6 Bxc4 31. b5 Bd4 32. g3 e6 33. Bd7 Kf8 34. h4 Ke7 35. Bc6 Bd5 0-1

[Event "FB22 2324 SV Mülheim-Nord - SV Sterkrad"]
[Site "?"]
[Date "2023.12.10"]
[Round "3.5"]
[White "Bergen, Katja"]
[Black "Othman, Beesan"]
[Result "1-0"]
[WhiteElo "1584"]
[BlackElo "1397"]
[PlyCount "79"]
[EventDate "2023.??.??"]

1. e4 c5 2. Nc3 a6 3. g3 b5 4. Bg2 Bb7 5. d3 e6 6. Nf3 g6 7. O-O Bg7 8. Be3 Qc7 9. Bf4 Qb6 10. Rb1 Nc6 11. Ne2 Nge7 12. a3 d5 13. c3 O-O 14. Qc1 Rfd8 15. Bh6 Bh8 16. Qf4 Rd7 17. Ng5 Nd8 18. g4 e5 19. Qf3 Rd6 20. h4 Rf6 21. Qg3 Ne6 22. exd5 Bxd5 23. Bxd5 Nxd5 24. Ne4 Nef4 25. Nxf6+ Qxf6 26. Nxf4 Nxf4 27. Bxf4 exf4 28. Qf3 Re8 29. g5 Qf5 30. Rfe1 Rd8 31. Rbd1 f6 32. gxf6 Bxf6 33. Re4 Bxh4 34. Rxf4 Qg5+ 35. Kf1 Qh6 36. Qe4 g5 37. Rf5 Qd6 38. Qe5 Qc6 39. Rxg5+ Kf7 40. Qf5+ 1-0

[Event "FB22 2324 Delmenhorster SK - SK Lehrte"]
[Site "?"]
[Date "2023.12.10"]
[Round "3.1"]
[White "Manusina, Nicole"]
[Black "Kickert, Germaine Helene"]
[Result "1/2-1/2"]
[WhiteElo "2030"]
[BlackElo "1936"]
[PlyCount "90"]
[EventDate "2023.??.??"]

1. d4 Nf6 2. c4 g6 3. Nc3 Bg7 4. e4 d6 5. f3 O-O 6. Be3 c5 7. Nge2 cxd4 8. Nxd4 Nc6 9. Qd2 Nxd4 10. Bxd4 Qa5 11. Be2 Be6 12. Rd1 Rfc8 13. b3 Nd7 14. Bxg7 Kxg7 15. O-O a6 16. f4 f6 17. Nd5 Qxd2 18. Rxd2 Bxd5 19. Rxd5 Rc5 20. Rfd1 b5 21. R5d4 b4 22. Bf3 Ra7 23. Rd5 Rac7 24. a3 Rxd5 25. Rxd5 Nc5 26. axb4 Nxb3 27. Bd1 Rxc4 28. Bxb3 Rxe4 29. g3 Rxb4 30. Bc2 Rb2 31. Ba4 h5 32. Ra5 h4 33. Bd7 f5 34. Rxa6 h3 35. Ra1 Kf6 36. Bc8 e5 37. fxe5+ dxe5 38. Ba6 g5 39. Bf1 g4 40. Re1 f4 41. gxf4 exf4 42. Re8 Rb1 43. Rg8 Kf5 44. Kf2 Rb2+ 45. Kg1 Rb1 1/2-1/2

[Event "FB22 2324 Delmenhorster SK - SK Lehrte"]
[Site "?"]
[Date "2023.12.10"]
[Round "3.2"]
[White "Moeller, Hannah"]
[Black "Wilmink, Anna"]
[Result "1/2-1/2"]
[WhiteElo "1745"]
[BlackElo "1826"]
[PlyCount "129"]
[EventDate "2023.??.??"]

1. Nf3 d5 2. g3 Nf6 3. Bg2 c5 4. O-O Nc6 5. d4 e6 6. c4 dxc4 7. Qa4 Nd7 8. dxc5 Bxc5 9. Qxc4 O-O 10. Nc3 a6 11. a4 Qe7 12. Ne4 Ba7 13. Bf4 Nb6 14. Qc2 e5 15. Be3 Bf5 16. Nh4 Qe6 17. Nxf5 Qxf5 18. Qb3 Nd4 19. Bxd4 exd4 20. Qf3 Qxf3 21. Bxf3 Nc4 22. b3 Ne5 23. Bg2 Rab8 24. Rac1 Rfd8 25. Nc5 Bxc5 26. Rxc5 Nd7 27. Rd5 b6 28. Rxd4 Nc5 29. Rxd8+ Rxd8 30. Rb1 f6 31. Bc6 Rd6 32. Bf3 Kf7 33. Kf1 Ke6 34. e3 Ke7 35. Be2 a5 36. Bc4 Ne4 37. Rb2 h6 38. Ke2 Rd8 39. Rc2 Nc5 40. Rd2 Rxd2+ 41. Kxd2 Kd6 42. f3 Nd7 43. f4 Nc5 44. Ke2 Ne4 45. g4 Kc5 46. h4 Kb4 47. Kd3 Nf2+ 48. Kd4 Nxg4 49. h5 Nf2 50. e4 Nh3 51. Ke3 Kc5 52. e5 fxe5 53. fxe5 Ng5 54. Kf4 Kc6 55. Kf5 Nf3 56. e6 Kd6 57. Kg6 Nh4+ 58. Kxg7 Nf5+ 59. Kg6 Ke5 60. Kf7 Kd6 61. Kf6 Ne7 62. Kg7 Nf5+ 63. Kf6 Ne7 64. Kf7 Nf5 65. Kg6 1/2-1/2

[Event "FB22 2324 Delmenhorster SK - SK Lehrte"]
[Site "?"]
[Date "2023.12.10"]
[Round "3.3"]
[White "Michalek, Barbara"]
[Black "Wollscheid, Stefanie"]
[Result "1-0"]
[WhiteElo "1847"]
[BlackElo "1649"]
[PlyCount "95"]
[EventDate "2023.??.??"]

1. d4 d5 2. c4 e6 3. Nc3 Nf6 4. e3 Nc6 5. Nf3 Bb4 6. Be2 Ne4 7. Qc2 O-O 8. a3 Bxc3+ 9. bxc3 f5 10. h4 Qf6 11. cxd5 exd5 12. Bb2 Be6 13. c4 Ne7 14. g3 c6 15. c5 Qh6 16. Rh2 Rae8 17. Kf1 Rf6 18. Kg2 Rg6 19. Ne5 Rf8 20. Nxg6 Qxg6 21. Bc1 f4 22. exf4 Nf5 23. Qd3 Nh6 24. h5 Qf7 25. f3 Nf6 26. g4 Ne8 27. Bd2 Bd7 28. Re1 Kh8 29. Bd1 Qg8 30. Re7 Rf7 31. Re5 Nc7 32. f5 Nb5 33. a4 Nc7 34. Bc2 Ne8 35. Qe2 Rf8 36. Bg5 Nf6 37. Re7 Rf7 38. Rxf7 Qxf7 39. Rh1 Nhg8 40. Bxf6 Qxf6 41. Qe3 h6 42. Kg3 Kh7 43. f4 Qf7 44. f6+ Kh8 45. fxg7+ Kxg7 46. Qe5+ Kf8 47. Bg6 Qg7 48. Qb8+ 1-0

[Event "FB22 2324 Delmenhorster SK - SK Lehrte"]
[Site "?"]
[Date "2023.12.10"]
[Round "3.4"]
[White "Silber, Stefanie"]
[Black "Lossin, Charlotte"]
[Result "1-0"]
[WhiteElo "1573"]
[BlackElo "1487"]
[PlyCount "77"]
[EventDate "2023.??.??"]

1. c4 e6 2. Nc3 d5 3. e3 c6 4. Nf3 f5 5. d4 Nf6 6. Be2 Bd6 7. O-O O-O 8. Rb1 Bd7 9. b4 Ne4 10. Qc2 Qf6 11. Rd1 g5 12. Bf1 g4 13. Nxe4 fxe4 14. Ne5 h5 15. Rd2 Be8 16. c5 Bc7 17. b5 Qh4 18. Qd1 Nd7 19. g3 Qg5 20. bxc6 Nxe5 21. cxb7 Nf3+ 22. Qxf3 Rb8 23. Qe2 h4 24. Qa6 Rf6 25. Rc2 hxg3 26. fxg3 Qf5 27. Qe2 Qf3 28. Qxf3 exf3 29. Bd3 Bc6 30. Ba6 Rbf8 31. Rcb2 Bb8 32. Rf2 Bd7 33. Bb5 Bxb5 34. Rxb5 R6f7 35. c6 Rc7 36. Ba3 Rd8 37. Rc2 Rf7 38. Bb4 Kg7 39. Ba5 1-0

[Event "FB22 2324 Delmenhorster SK - SK Lehrte"]
[Site "?"]
[Date "2023.12.10"]
[Round "3.5"]
[White "Dismer, Claudia"]
[Black "Koenig, Emmilie"]
[Result "0-1"]
[WhiteElo "1489"]
[BlackElo "1517"]
[PlyCount "116"]
[EventDate "2023.??.??"]

1. d4 Nf6 2. Nf3 d6 3. c4 g6 4. Nc3 a6 5. e4 Bg4 6. h3 Bxf3 7. Qxf3 Nc6 8. Be3 Rb8 9. O-O-O e5 10. d5 Ne7 11. g4 Bg7 12. g5 Nh5 13. h4 O-O 14. Bh3 f6 15. Be6+ Kh8 16. Qg2 f5 17. f3 b6 18. Ne2 Qe8 19. Bd2 Qa4 20. Nc3 Qxc4 21. b3 Qc5 22. Kb2 b5 23. Qg1 Qxg1 24. Rhxg1 c6 25. dxc6 Nxc6 26. exf5 gxf5 27. g6 Nf4 28. Bd5 Nd3+ 29. Kb1 Ne7 30. h5 b4 31. Ne2 hxg6 32. hxg6 Nxd5 33. Rh1+ Kg8 34. Rh2 Nc3+ 35. Bxc3 bxc3 36. Nxc3 Nf4 37. Rxd6 e4 38. Nd5 Nxd5 39. Rxd5 exf3 40. Rd7 Rb6 41. Rf2 Rxg6 42. Rxf3 f4 43. Kc2 Rg2+ 44. Kd3 Rxa2 45. Kc4 Re2 46. Kd5 Rb2 47. Kc4 Rc2+ 48. Kd3 Rc3+ 49. Ke2 Rxf3 50. Kxf3 Bb2 51. Rd2 Bc1 52. Ra2 Rf6 53. b4 Rb6 54. Ke2 Kf7 55. Kd3 Ke6 56. Kc4 Be3 57. Rh2 Kf5 58. Rg2 f3 0-1

[Event "FB22 2324 Delmenhorster SK - SK Lehrte"]
[Site "?"]
[Date "2023.12.10"]
[Round "3.6"]
[White "Schlueter, Ulrike"]
[Black "Thiele, Lea-Marie"]
[Result "0-1"]
[WhiteElo "1442"]
[BlackElo "1337"]
[PlyCount "32"]
[EventDate "2023.??.??"]

1. d4 e6 2. c4 d5 3. Nc3 c6 4. cxd5 exd5 5. Nf3 Nf6 6. Bg5 Bf5 7. Qb3 Nbd7 8. Qxb7 Qb8 9. Qxc6 Be7 10. Bxf6 Bxf6 11. Nxd5 O-O 12. Nxf6+ Nxf6 13. b3 Qb4+ 14. Nd2 Rfc8 15. Qf3 Ne4 16. Rd1 Nxd2 0-1

[Event "FB22 2324 SV Sterkrade-Nord - Hamburger"]
[Site "?"]
[Date "2024.01.20"]
[Round "4.4"]
[White "Hiebsch, Catalina"]
[Black "Wartenberg, Alissa"]
[Result "0-1"]
[WhiteElo "1830"]
[BlackElo "1721"]
[PlyCount "54"]
[EventDate "2024.??.??"]

1. e4 c5 2. Nc3 Nc6 3. Bb5 e6 4. Bxc6 bxc6 5. f4 d5 6. e5 c4 7. Nf3 Bb7 8. O-O d4 9. Ne2 d3 10. Nc3 Ne7 11. Ne1 Nf5 12. cxd3 Qd4+ 13. Kh1 cxd3 14. Qf3 Rd8 15. b3 h5 16. Bb2 Qd7 17. Rc1 h4 18. Qh3 Rh6 19. Ne4 c5 20. Qf3 Qe7 21. Nd6+ Nxd6 22. exd6 Rxd6 23. Qe3 h3 24. Nf3 hxg2+ 25. Kxg2 Qh4 26. Rh1 Rg6+ 27. Kf1 Qh3+ 0-1

[Event "FB22 2324 SV Sterkrade-Nord - Hamburger"]
[Site "?"]
[Date "2024.01.20"]
[Round "4.5"]
[White "Kotyk, Valeriya"]
[Black "Bergen, Katja"]
[Result "1/2-1/2"]
[WhiteElo "1760"]
[BlackElo "1589"]
[PlyCount "105"]
[EventDate "2024.??.??"]

1. d4 d5 2. c4 c6 3. Nc3 Nf6 4. e3 Bf5 5. Nf3 e6 6. a3 Nbd7 7. cxd5 cxd5 8. Be2 h6 9. O-O Be7 10. b4 O-O 11. Bb2 Rc8 12. Rc1 Nb6 13. Ne5 Nfd7 14. Nf3 Nc4 15. Bxc4 dxc4 16. e4 Bg4 17. h3 Bh5 18. g4 Bg6 19. Qe2 a6 20. Na4 b5 21. Nc5 Bxc5 22. dxc5 Nf6 23. Nd2 Qe7 24. Be5 Ne8 25. Nf3 f6 26. Bf4 e5 27. Bg3 Nc7 28. Rfd1 Rfd8 29. Nh4 Bh7 30. Nf5 Bxf5 31. gxf5 Rd4 32. f3 Rcd8 33. Bf2 Rd3 34. Rxd3 Rxd3 35. Ra1 Qd7 36. Be3 Kh7 37. h4 g6 38. fxg6+ Kxg6 39. Qg2+ Kh7 40. Kf2 Rxe3 41. Kxe3 Qd4+ 42. Ke2 Qxa1 43. Qg4 Qb2+ 44. Ke1 Qc3+ 45. Ke2 Qd3+ 46. Kf2 Qd8 47. h5 Qe8 48. Qf5+ Kg7 49. Qg4+ Kh8 50. Qf5 Qf7 51. Qc8+ Kg7 52. Qg4+ Kf8 53. Qc8+ 1/2-1/2

[Event "FB22 2324 SV Mülheim-Nord - Lübecker S"]
[Site "?"]
[Date "2024.01.20"]
[Round "4.1"]
[White "Sickmann, Lisa"]
[Black "Freitag, Julia"]
[Result "1-0"]
[WhiteElo "1961"]
[BlackElo "2098"]
[PlyCount "79"]
[EventDate "2024.??.??"]

1. e4 e6 2. d4 d5 3. Bd3 dxe4 4. Bxe4 Nf6 5. Bf3 c6 6. Ne2 Bd6 7. c4 O-O 8. Nbc3 Nbd7 9. O-O a6 10. Be3 e5 11. Qc2 exd4 12. Nxd4 Ne5 13. Be2 Nfg4 14. Nf5 Bxf5 15. Qxf5 Nxe3 16. fxe3 Qb6 17. Ne4 Qxe3+ 18. Kh1 Bc7 19. Rae1 Qh6 20. h3 Qg6 21. Qxg6 hxg6 22. c5 f5 23. Ng5 Rfe8 24. Nf3 Nxf3 25. Bxf3 Ba5 26. Rxe8+ Rxe8 27. a3 Re3 28. Kg1 Rb3 29. Rf2 Bc7 30. Bd1 Re3 31. Kf1 Bg3 32. Re2 Rd3 33. Bc2 Rd5 34. Bb3 Kf7 35. Bxd5+ cxd5 36. Re3 Bf4 37. Rb3 b5 38. cxb6 Ke7 39. b7 Bb8 40. Rc3 1-0

[Event "FB22 2324 SV Mülheim-Nord - Lübecker S"]
[Site "?"]
[Date "2024.01.20"]
[Round "4.3"]
[White "Mundt, Alexandra"]
[Black "Stoer, Agnes"]
[Result "1-0"]
[WhiteElo "1785"]
[BlackElo "1856"]
[PlyCount "41"]
[EventDate "2024.??.??"]

1. e4 e6 2. d4 d5 3. e5 c5 4. c3 cxd4 5. cxd4 Bb4+ 6. Nc3 Bd7 7. Nf3 Ne7 8. Bg5 Nbc6 9. Bd3 O-O 10. O-O Qb6 11. Rc1 Ng6 12. Na4 Qc7 13. a3 Ba5 14. b4 f6 15. exf6 gxf6 16. Bh6 b5 17. Bxf8 Kxf8 18. Bxb5 a6 19. Bxc6 Bxc6 20. Nc5 Kf7 21. bxa5 1-0

[Event "FB22 2324 SV Mülheim-Nord - Lübecker S"]
[Site "?"]
[Date "2024.01.20"]
[Round "4.4"]
[White "Hausrath, Michaela"]
[Black "Malinowsky, Celina"]
[Result "1/2-1/2"]
[WhiteElo "1733"]
[BlackElo "1534"]
[PlyCount "46"]
[EventDate "2024.??.??"]

1. d4 Nf6 2. c4 e5 3. dxe5 Ng4 4. Bf4 Nc6 5. Nf3 Bb4+ 6. Nbd2 Qe7 7. a3 Bxd2+ 8. Qxd2 Ngxe5 9. Nxe5 Nxe5 10. e3 d6 11. Qc3 O-O 12. c5 Ng6 13. cxd6 cxd6 14. Bg3 Be6 15. Qd4 d5 16. Be2 Rfc8 17. O-O Qc5 18. Qxc5 Rxc5 19. b4 Rc3 20. Rfd1 Rd8 21. h3 Kf8 22. Bf3 f6 23. Rdc1 Rdc8 1/2-1/2

[Event "FB22 2324 SV Mülheim-Nord - Lübecker S"]
[Site "?"]
[Date "2024.01.20"]
[Round "4.5"]
[White "Malinowsky, Yvonne"]
[Black "Frank, Carolin"]
[Result "0-1"]
[WhiteElo "1158"]
[BlackElo "1608"]
[PlyCount "34"]
[EventDate "2024.??.??"]

1. e4 c6 2. d4 d5 3. exd5 cxd5 4. c4 Nf6 5. Nc3 Nc6 6. Nf3 a6 7. Qb3 Na5 8. Qa4+ Bd7 9. Qb4 dxc4 10. Ne2 e6 11. Qc3 Nd5 12. Qc2 Nb4 13. Qe4 Nd3+ 14. Kd2 Bb4+ 15. Ke3 Bc6 16. d5 Bxd5 17. Qd4 Bc5 0-1

[Event "FB22 2324 SV Hemer 1932 - SK Lehrte"]
[Site "?"]
[Date "2024.01.20"]
[Round "4.2"]
[White "Cosma, Elena-Luminita"]
[Black "Wilmink, Anna"]
[Result "1-0"]
[WhiteElo "2236"]
[BlackElo "1822"]
[PlyCount "63"]
[EventDate "2024.??.??"]

1. d4 Nf6 2. Nf3 d5 3. g3 e6 4. Bg2 c5 5. c4 dxc4 6. O-O Nbd7 7. Na3 Nb6 8. Bf4 a6 9. Rc1 Nbd5 10. dxc5 c3 11. Be5 Bxc5 12. e4 Nb4 13. Qxd8+ Kxd8 14. Bxc3 Be7 15. Ne5 Ke8 16. Bxb4 Bxb4 17. Nac4 Nd7 18. Rfd1 Nxe5 19. Nxe5 f6 20. Nc4 Kf7 21. e5 Rb8 22. a3 Be7 23. Nb6 fxe5 24. Rd3 Bg5 25. Rc2 Ke7 26. Rc7+ Kf6 27. h4 Bh6 28. Be4 Re8 29. Rf3+ Bf4 30. gxf4 Rd8 31. Rd3 Re8 32. Rdc3 1-0

[Event "FB22 2324 SV Hemer 1932 - SK Lehrte"]
[Site "?"]
[Date "2024.01.20"]
[Round "4.3"]
[White "Michalek, Barbara"]
[Black "Trunz, Michelle"]
[Result "0-1"]
[WhiteElo "1852"]
[BlackElo "2023"]
[PlyCount "62"]
[EventDate "2024.??.??"]

1. d4 d5 2. Nf3 Nf6 3. e3 Bg4 4. h3 Bxf3 5. Qxf3 c5 6. Bb5+ Nc6 7. c3 e6 8. O-O Bd6 9. dxc5 Bxc5 10. c4 O-O 11. cxd5 Nxd5 12. Bxc6 bxc6 13. a3 a5 14. e4 Nc7 15. Be3 Bxe3 16. Qxe3 Rb8 17. b3 Qf6 18. Nd2 e5 19. Nc4 a4 20. b4 Ne6 21. Nb6 Rfd8 22. Rad1 Rd4 23. Nxa4 Rbd8 24. Nb2 Qg6 25. Rde1 Nf4 26. Qg3 Qh6 27. Qg4 f5 28. Qxf5 Rf8 29. Qg4 Rd6 30. Re3 Rg6 31. Qd1 Nxh3+ 0-1

[Event "FB22 2324 SV Hemer 1932 - SK Lehrte"]
[Site "?"]
[Date "2024.01.20"]
[Round "4.4"]
[White "Trunz, Elena"]
[Black "Grabowski, Petra"]
[Result "1/2-1/2"]
[WhiteElo "2146"]
[BlackElo "1600"]
[PlyCount "129"]
[EventDate "2024.??.??"]

1. e4 e6 2. d4 d5 3. Nd2 dxe4 4. Nxe4 Nd7 5. Nf3 Ngf6 6. Nxf6+ Nxf6 7. Bg5 Be7 8. Bd3 O-O 9. Qe2 h6 10. Bh4 Nd5 11. Bg3 c5 12. dxc5 Bxc5 13. O-O Bd6 14. Rad1 Bxg3 15. hxg3 Qc7 16. c4 Nf6 17. Bb1 a5 18. Rd4 Bd7 19. Ne5 Rfd8 20. Rh4 Bc6 21. Qe3 Nd7 22. Ng4 Qb6 23. Nxh6+ Kf8 24. Nf5 Kg8 25. Ne7+ Kf8 26. Nf5 Kg8 27. Ne7+ Kf8 28. Qxb6 Nxb6 29. Nxc6 bxc6 30. Be4 Rac8 31. Rh8+ Ke7 32. Rxd8 Kxd8 33. b3 Kc7 34. Rd1 a4 35. Kf1 axb3 36. axb3 Ra8 37. Ke2 Nd7 38. Bc2 Ra2 39. Kd3 c5 40. Rd2 Ne5+ 41. Kc3 Ra1 42. Rd1 Ra2 43. Rd2 Ra1 44. Bd1 Nc6 45. Kb2 Ra8 46. Bf3 Rh8 47. Rd1 Rb8 48. Bxc6 Kxc6 49. Rh1 Rb7 50. Rh8 Kd6 51. Ra8 g5 52. Kc3 g4 53. Rd8+ Ke7 54. Rg8 Ra7 55. Rxg4 Ra1 56. Rf4 Rc1+ 57. Kd2 Rg1 58. Rf3 Rxg2 59. Ke3 Rg1 60. Kd3 f5 61. Ke2 Rb1 62. Rd3 Kf6 63. f4 Rb2+ 64. Kf3 Rb1 65. Kf2 1/2-1/2

[Event "FB22 2324 SV Hemer 1932 - SK Lehrte"]
[Site "?"]
[Date "2024.01.20"]
[Round "4.5"]
[White "Wolterink, Jule"]
[Black "Moeller, Lisa-Marie"]
[Result "1-0"]
[WhiteElo "1474"]
[BlackElo "1888"]
[PlyCount "79"]
[EventDate "2024.??.??"]

1. d4 c5 2. Nf3 cxd4 3. Nxd4 d5 4. Bf4 f6 5. Nf3 e5 6. Bd2 Nc6 7. e3 Be6 8. Bb5 Qb6 9. Nc3 a6 10. Ba4 Bc5 11. O-O Nge7 12. Bb3 e4 13. Ne1 Ne5 14. Na4 Qc7 15. Nxc5 Qxc5 16. f3 Nc4 17. Bxc4 Qxc4 18. Bc3 Nf5 19. Qd2 Rd8 20. Bd4 O-O 21. c3 Nd6 22. Qf2 Qb5 23. b3 Rc8 24. fxe4 Nxe4 25. Qb2 Rf7 26. Nf3 Rfc7 27. Rac1 Qa5 28. b4 Qb5 29. Nd2 Nd6 30. Nb3 b6 31. Qf2 Ne4 32. Qb2 a5 33. a4 Qxa4 34. Bxb6 Rxc3 35. Rxc3 Rxc3 36. Nc5 Qc6 37. Nxe4 dxe4 38. bxa5 Rc2 39. Qd4 h6 40. Ra1 1-0

[Event "FB22 2324 SV Hemer 1932 - SK Lehrte"]
[Site "?"]
[Date "2024.01.20"]
[Round "4.6"]
[White "Trunz, Tamila"]
[Black "Flauss, Jessica"]
[Result "1-0"]
[WhiteElo "1766"]
[BlackElo "1609"]
[PlyCount "33"]
[EventDate "2024.??.??"]

1. e4 e5 2. Nf3 Nc6 3. Bb5 Bc5 4. O-O d6 5. c3 Bd7 6. d4 exd4 7. cxd4 Bb6 8. Nc3 a6 9. Bc4 Nge7 10. Ng5 O-O 11. Qh5 h6 12. Nxf7 Rxf7 13. Bxf7+ Kf8 14. Bc4 d5 15. Nxd5 Be6 16. Nxb6 Bxc4 17. Nxc4 1-0

[Event "FB22 2324 SV Medizin Erfurt - Delmenhors"]
[Site "?"]
[Date "2024.01.20"]
[Round "4.2"]
[White "Nguyen, Ha Thanh"]
[Black "Moeller, Hannah"]
[Result "1-0"]
[WhiteElo "1953"]
[BlackElo "1747"]
[PlyCount "91"]
[EventDate "2024.??.??"]

1. e4 g6 2. d4 Bg7 3. Nc3 d6 4. Be3 b6 5. Qd2 c5 6. d5 Bd7 7. a4 Qc8 8. f4 f5 9. exf5 Bxf5 10. Bb5+ Bd7 11. Bxd7+ Nxd7 12. Nf3 Ngf6 13. h3 Qb7 14. Ng5 Nf8 15. Qd3 Qd7 16. O-O Qf5 17. Qb5+ Qd7 18. Qc4 h6 19. Nf3 a6 20. Rae1 Qb7 21. Rd1 N8d7 22. Qd3 Nf8 23. Nh4 g5 24. fxg5 hxg5 25. Nf5 Rg8 26. Bxg5 O-O-O 27. Nxg7 Rxg7 28. Bxf6 exf6 29. Qf5+ Nd7 30. Ne4 Kb8 31. Nxd6 Qc7 32. Qf4 Rdg8 33. Rd2 Rg6 34. Nf5 Ne5 35. Rff2 c4 36. Kh1 Qh7 37. d6 Rg4 38. Qe3 Kb7 39. a5 bxa5 40. Nh6 Rg3 41. Qf4 R8g5 42. d7 Nxd7 43. Rf3 Rxf3 44. Qxf3+ Kc8 45. Qc6+ Kd8 46. Qxf6+ 1-0

[Event "FB22 2324 SV Medizin Erfurt - Delmenhors"]
[Site "?"]
[Date "2024.01.20"]
[Round "4.3"]
[White "Wollscheid, Stefanie"]
[Black "Mueller-Ludwig, Kristin"]
[Result "0-1"]
[WhiteElo "1644"]
[BlackElo "2014"]
[PlyCount "124"]
[EventDate "2024.??.??"]

1. e4 e6 2. d4 d5 3. e5 c5 4. c3 Nc6 5. Nf3 Qb6 6. Be2 Bd7 7. O-O Nh6 8. dxc5 Bxc5 9. b4 Bf8 10. Bxh6 gxh6 11. Bd3 Bg7 12. Re1 Rc8 13. Na3 O-O 14. Qb1 a5 15. b5 Ne7 16. Re3 Ng6 17. Qc2 Qc5 18. Nb1 Bxb5 19. Bxb5 Qxb5 20. Nbd2 Qc6 21. Nb3 Qa4 22. Qd2 Rc4 23. g3 Rfc8 24. Rc1 Re4 25. Rce1 Rcc4 26. Nbd4 Bxe5 27. Rxe4 dxe4 28. Rxe4 Bg7 29. Re3 Rc8 30. Ne2 Bf6 31. Rd3 Kg7 32. h4 Qg4 33. Nh2 Qh3 34. Kh1 Rc4 35. Ng1 Qf5 36. Ne2 Qxf2 37. Rf3 Qb6 38. Qe1 Qc6 39. Kg1 Qc5+ 40. Kh1 Qd5 41. Kg1 Be7 42. Nf4 Bc5+ 43. Kf1 Qe5 44. Qd2 Qf5 45. Nd3 Qe4 46. Nxc5 Rxc5 47. Qb2 Qc4+ 48. Kg2 Rb5 49. Qd2 Qd5 50. Qxd5 Rxd5 51. Nf1 Ne5 52. Re3 Nc4 53. Re4 Rc5 54. Rd4 Ne5 55. Ra4 b6 56. Re4 Kf6 57. Re3 Nc4 58. Rd3 Rd5 59. Rf3+ Ke7 60. Rf2 Rd3 61. Rc2 Rd1 62. Kf2 Rxf1+ 0-1

[Event "FB22 2324 SV Medizin Erfurt - Delmenhors"]
[Site "?"]
[Date "2024.01.20"]
[Round "4.4"]
[White "Anisheva, Varvara"]
[Black "Silber, Stefanie"]
[Result "1-0"]
[WhiteElo "2071"]
[BlackElo "1581"]
[PlyCount "49"]
[EventDate "2024.??.??"]

1. Nf3 c6 2. g3 d5 3. Bg2 Nf6 4. d3 e6 5. O-O Be7 6. Nbd2 O-O 7. e4 c5 8. e5 Nfd7 9. Re1 Nc6 10. c3 d4 11. c4 Rb8 12. h4 f6 13. exf6 Bxf6 14. Ne4 Qe7 15. Nfg5 e5 16. Nxh7 Kxh7 17. Qh5+ Kg8 18. Ng5 Bxg5 19. Bd5+ Rf7 20. hxg5 Nb6 21. g6 Qf6 22. gxf7+ Kf8 23. Qh8+ Ke7 24. Qe8+ Kd6 25. f8=Q+ 1-0